| 000 | 00629nam a2200205Ia 4500 | ||
|---|---|---|---|
| 003 | GCL | ||
| 008 | 140319s9999 xx 000 0 ara d | ||
| 040 |
_aGCL / _cGCL |
||
| 082 | 0 | 4 |
_a189.3 _bس ح |
| 100 | 1 | _aسليمان دنيا | |
| 245 | 1 | 0 |
_aالحقيقة فى نظر الغزالى / _cسليمان دنيا |
| 260 |
_aالقاهرة : _bدار المعارف |
||
| 300 |
_a413 ص ؛ _c25 سم |
||
| 490 |
_aكتاب _v0 |
||
| 650 | 0 | 4 | _aالفلسفة الاسلامية |
| 650 | 0 | 4 | _aالحقيقة |
| 650 | 0 | 4 | _aالعقل والجسد |
| 650 | 0 | 4 | _aالتصوف الاسلامى - مصادر |
| 942 |
_2ddc _cBK |
||
| 999 |
_c41603 _d41603 |
||